Asian Development Bank (Record no. 119997)

MARC details
000 -LEADER
fixed length control field 00793cam a2200229 4500
001 - CONTROL NUMBER
control field WS116479
008 - FIXED-LENGTH DATA ELEMENTS--GENERAL INFORMATION
fixed length control field 020125n 000 0 eng u
035 ## - SYSTEM CONTROL NUMBER
System control number (Sirsi) u116479
110 ## - MAIN ENTRY--CORPORATE NAME
Corporate name or jurisdiction name as entry element Asian Development Bank
9 (RLIN) 2327
245 ## - TITLE STATEMENT
Title Asian Development Bank
520 ## - SUMMARY, ETC.
Summary, etc. Web site for this multilateral development finance institution dedicated to reducing poverty in Asia and the Pacific. Includes details of business opportunities, statistics and pages on a range of development topics.
650 ## - SUBJECT ADDED ENTRY--TOPICAL TERM
Topical term or geographic name entry element INTERNATIONAL
650 ## - SUBJECT ADDED ENTRY--TOPICAL TERM
Topical term or geographic name entry element ASIA
650 ## - SUBJECT ADDED ENTRY--TOPICAL TERM
Topical term or geographic name entry element STATISTICS
650 ## - SUBJECT ADDED ENTRY--TOPICAL TERM
Topical term or geographic name entry element Environment
9 (RLIN) 6238
650 ## - SUBJECT ADDED ENTRY--TOPICAL TERM
Topical term or geographic name entry element GENDER
650 ## - SUBJECT ADDED ENTRY--TOPICAL TERM
Topical term or geographic name entry element LAW
650 ## - SUBJECT ADDED ENTRY--TOPICAL TERM
Topical term or geographic name entry element POVERTY
690 ## - LOCAL SUBJECT ADDED ENTRY--TOPICAL TERM (OCLC, RLIN)
Topical term or geographic name as entry element ECONOMIC ISSUES
856 40 - ELECTRONIC LOCATION AND ACCESS
Uniform Resource Identifier <a href="https://www.adb.org">https://www.adb.org</a>
Public note View the website free of charge at www.adb.org...
942 ## - ADDED ENTRY ELEMENTS (KOHA)
Suppress in OPAC 0
Holdings
Withdrawn status Lost status Source of classification or shelving scheme Damaged status Not for loan Home library Current library Shelving location Date acquired Total Checkouts Full call number Barcode Date last seen Copy number Price effective from Koha item type
    Dewey Decimal Classification     Virtual Virtual Online 25/01/2002   WEB SITE 116479-2001 06/08/2019 1 06/08/2019 Online material